Home Print Resources E-Books E-Journals IIMT Lecture Series Library Membership Form Book Recommendation Form Campus Tour Take AdmissionAbout Us Contact Us

DATABASE SYSTEM CONCEPTS (Record no. 8099)

000 -LEADER
fixed length control field 00337nam a2200145Ia 4500
003 - CONTROL NUMBER IDENTIFIER
control field OSt
005 - DATE AND TIME OF LATEST TRANSACTION
control field 20231108071717.0
008 - FIXED-LENGTH DATA ELEMENTS--GENERAL INFORMATION
fixed length control field 170524s9999 xx 000 0 und d
020 ## - INTERNATIONAL STANDARD BOOK NUMBER
International Standard Book Number 9780071244763
040 ## - CATALOGING SOURCE
Transcribing agency IIMT UNIVERSITY
100 ## - MAIN ENTRY--PERSONAL NAME
Personal name KORTH- HENRY F
245 #0 - TITLE STATEMENT
Title DATABASE SYSTEM CONCEPTS
260 ## - PUBLICATION, DISTRIBUTION, ETC.
Name of publisher, distributor, etc. MCGRAW HILL
942 ## - ADDED ENTRY ELEMENTS (KOHA)
Source of classification or shelving scheme
Koha item type Book Bank
Holdings
Withdrawn status Lost status Source of classification or shelving scheme Damaged status Not for loan Home library Current library Date acquired Total Checkouts Barcode Date last seen Price effective from Koha item type Date last checked out
          IIMT University Central Library Meerut IIMT University Central Library Meerut 05/31/2017   01-B-86428 05/31/2017 05/31/2017 Book Bank  
          IIMT University Central Library Meerut IIMT University Central Library Meerut 05/31/2017   01-B-86429 05/31/2017 05/31/2017 Book Bank  
          IIMT University Central Library Meerut IIMT University Central Library Meerut 05/31/2017 2 01-B-86430 03/12/2022 05/31/2017 Book Bank 12/20/2021
          IIMT University Central Library Meerut IIMT University Central Library Meerut 05/31/2017 3 01-B-86431 02/03/2025 05/31/2017 Book Bank 09/09/2024
          IIMT University Central Library Meerut IIMT University Central Library Meerut 05/31/2017   01-B-86432 05/31/2017 05/31/2017 Book Bank  
          IIMT University Central Library Meerut IIMT University Central Library Meerut 05/31/2017 1 01-B-86433 05/27/2025 05/31/2017 Book Bank 02/24/2025
          IIMT University Central Library Meerut IIMT University Central Library Meerut 05/31/2017   01-B-86434 05/31/2017 05/31/2017 Book Bank  
          IIMT University Central Library Meerut IIMT University Central Library Meerut 05/31/2017 1 01-B-86435 04/30/2025 05/31/2017 Book Bank 09/07/2024
          IIMT University Central Library Meerut IIMT University Central Library Meerut 05/31/2017   01-B-86436 05/31/2017 05/31/2017 Book Bank  
          IIMT University Central Library Meerut IIMT University Central Library Meerut 05/31/2017   01-B-86437 05/31/2017 05/31/2017 Book Bank  
IIMT, Central Library. All Rights Reserved IIMT,UNIVERSITY © 2023
Implemented and Customised by I CLOUDE EMS
You Are OPAC Visitor No
free web counter

Powered by Koha